Tassili Airlines Destinations - Statistics

General Stats
  • This quiz has been taken 11 times
  • The average score is 5 of 15
Answer Stats
Country Destination % Correct
France Paris
100%
Algeria Algiers
86%
France Lyon
86%
France Nantes
71%
Algeria Oran
57%
Algeria Constantine
43%
France Strasbourg
43%
Algeria Béjaïa
29%
Algeria Annaba
14%
Algeria Tamanrasset
14%
Algeria Adrar
0%
Algeria Béchar
0%
Algeria El Oued
0%
Algeria In Salah
0%
Algeria Tindouf
0%
No matching quizzes found
Score Distribution
Percent of People with Each Score
Percentile by Number Answered
Your Score History
You have not taken this quiz